| 000 | 00474fam a2200157 a 4500 | ||
|---|---|---|---|
| 020 | _a0471957542 | ||
| 082 | 0 | 0 |
_a551.4 _bBRO _cL-39, P-178 |
| 245 | 0 | 0 |
_aGeomorphology and groundwater / _cedited by A.G. Brown. |
| 260 |
_aChichester ; _aNew York : _bWiley, _cc1995. |
||
| 300 |
_aviii, 213 p. : _bill., maps ; _c25 cm. |
||
| 526 |
_a0 _b0 _c0 _d551_400000000000000_BRO |
||
| 650 | 0 | _aGeomorphology. | |
| 650 | 0 | _aGroundwater. | |
| 700 | 1 |
_aBrown, A. G. _940389 |
|
| 942 |
_2ddc _cBK |
||
| 999 |
_c544695 _d544695 |
||